Normal view MARC view

Entry Personal Name

Number of records used in: 1

001 - CONTROL NUMBER

  • control field: 9500

003 - CONTROL NUMBER IDENTIFIER

  • control field: DLC

005 - DATE AND TIME OF LATEST TRANSACTION

  • control field: 20230916110806.0

008 - FIXED-LENGTH DATA ELEMENTS

  • fixed length control field: 220404n| azannaabn |n aaa c

010 ## - LIBRARY OF CONGRESS CONTROL NUMBER

  • LC control number: no2022042759

035 ## - SYSTEM CONTROL NUMBER

  • System control number: (OCoLC)oca14441865

040 ## - CATALOGING SOURCE

  • Original cataloging agency: MdRoLAC
  • Language of cataloging: eng
  • Description conventions: rda
  • Transcribing agency: MdRoLAC

100 1# - HEADING--PERSONAL NAME

  • Personal name: Roberts, Paul
  • Titles and other words associated with a name: (Game programmer)

372 ## - FIELD OF ACTIVITY

  • Field of activity: Video games
  • Source of term: lcsh

670 ## - SOURCE DATA FOUND

  • Source citation: Artificial intelligence in games, 2023:
  • Information found: title page (Paul Roberts)

670 ## - SOURCE DATA FOUND

  • Source citation: LinkedIn Profile, viewed 4 April 2022:
  • Information found: (Paul Roberts Senior AI & Gameplay Programmer at Sumo Digital Ltd)
  • Uniform Resource Identifier: https://www.linkedin.com/in/%F0%9F%8E%AEpaul-roberts-b0221941/?originalSubdomain=uk

Powered by Koha